[Event "Washington State Invitational"]
[Site "Seattle"]
[Date "2011.02.21"]
[Round "9"]
[White "He, Samuel Fei"]
[Black "Buck, Stephen"]
[Result "1-0"]
[WhiteElo "1802"]
[BlackElo "1762"]
[PlyCount "55"]
[EventDate "2011.02.12"]
[EventType "tourn"]
[EventRounds "9"]
[EventCountry "USA"]
[SourceTitle "EXT 2017"]
[Source "ChessBase"]
[SourceDate "2016.10.25"]
[SourceVersion "1"]
[SourceVersionDate "2016.10.25"]
[SourceQuality "1"]

1. d4 d5 2. c4 c6 3. Nf3 Nf6 4. e3 e6 5. Nbd2 Bd6 6. Bd3 0-0 7. 0-0 Nbd7 8. Re1 e5 9. e4 Nxe4 10. Bxe4 dxe4 11. Nxe4 Bb4 12. Bd2 Bxd2 13. Qxd2 exd4 14. Qxd4 Nb6 15. Qc5 Be6 16. Nfg5 h6 17. Nxe6 fxe6 18. Qe5 Kh8 19. b3 Qe7 20. Re3 Rf5 21. Qd6 Qf7 22. Qg3 Qf8 23. Rd1 Re8 24. Qd6 Qf7 25. Qd3 Qf8 26. Nd6 Rxf2 27. Nxe8 Rxa2 28. Qg6 1-0

[Event "Washington State Invitational"]
[Site "Seattle"]
[Date "2011.02.19"]
[Round "6"]
[White "Smith, Mark1"]
[Black "Buck, Stephen"]
[Result "1/2-1/2"]
[WhiteElo "1907"]
[BlackElo "1762"]
[PlyCount "105"]
[EventDate "2011.02.12"]
[EventType "tourn"]
[EventRounds "9"]
[EventCountry "USA"]
[SourceTitle "EXT 2017"]
[Source "ChessBase"]
[SourceDate "2016.10.25"]
[SourceVersion "1"]
[SourceVersionDate "2016.10.25"]
[SourceQuality "1"]

1. g3 d5 2. Bg2 c5 3. Nf3 Nf6 4. 0-0 Nc6 5. d3 e6 6. Nbd2 Be7 7. e4 dxe4 8. dxe4 0-0 9. Qe2 e5 10. c3 Bg4 11. h3 Bxf3 12. Nxf3 Qc7 13. Nh4 Rfe8 14. Nf5 Bf8 15. Bg5 Re6 16. Rad1 Ne7 17. Qd2 Nxf5 18. exf5 Rd6 19. Qe2 Rxd1 20. Rxd1 Ne8 21. Qe4 Rb8 22. Qd5 Bd6 23. f6 gxf6 24. Bxf6 Nxf6 25. Qxd6 Qxd6 26. Rxd6 Kg7 27. Kf1 b6 28. Ke2 Rc8 29. a4 Rc7 30. Kd3 Re7 31. Bc6 h6 32. g4 Nh7 33. h4 Nf8 34. Ke4 Ne6 35. h5 Nf4 36. Rd7 Rxd7 37. Bxd7 f6 38. Bb5 Kf7 39. f3 Nh3 40. b4 cxb4 41. cxb4 Nf4 42. Bc4+ Kg7 43. Kf5 Nh3 44. Bd5 Nf4 45. Bc4 Nh3 46. Ke4 Nf4 47. Ke3 f5 48. a5 bxa5 49. bxa5 Kf6 50. Kf2 fxg4 51. fxg4 Nh3+ 52. Kg3 Ng5 53. Bd5 1/2-1/2

[Event "Ernst Rasmussen BDG tournament"]
[Site "Port Townsend"]
[Date "2010.10.23"]
[Round "3"]
[White "Buck, Stephen"]
[Black "Kent, Michael L"]
[Result "1-0"]
[WhiteElo "1799"]
[BlackElo "1256"]
[PlyCount "51"]
[EventDate "2010.10.23"]
[EventType "swiss (rapid)"]
[EventRounds "4"]
[EventCountry "USA"]
[SourceTitle "EXT 2017"]
[Source "ChessBase"]
[SourceDate "2016.10.25"]
[SourceVersion "1"]
[SourceVersionDate "2016.10.25"]
[SourceQuality "1"]

1. d4 d5 2. e4 dxe4 3. Nc3 Nf6 4. f3 exf3 5. Nxf3 Bf5 6. Bc4 e6 7. 0-0 Be7 8. Ne5 0-0 9. Be3 Nbd7 10. Nxf7 Rxf7 11. Rxf5 exf5 12. Qf3 Qf8 13. Qxf5 g6 14. Qh3 h5 15. Rf1 Qg7 16. Ne4 Raf8 17. Ng5 Kh8 18. Nxf7+ Rxf7 19. Bxf7 Qxf7 20. Qxd7 Kg7 21. Qxc7 Qe6 22. Qe5 Qxe5 23. dxe5 Ng4 24. Bxa7 Nxe5 25. Bd4 Bd6 26. Re1 1-0

[Event "Washington op Premier"]
[Site "Seattle"]
[Date "2007.05.28"]
[Round "5"]
[White "Buck, Stephen"]
[Black "Omori, Michael"]
[Result "1/2-1/2"]
[WhiteElo "1718"]
[BlackElo "1687"]
[PlyCount "101"]
[EventDate "2007.05.26"]
[EventType "swiss"]
[EventRounds "6"]
[EventCountry "USA"]
[SourceTitle "EXT 2017"]
[Source "ChessBase"]
[SourceDate "2016.10.25"]
[SourceVersion "1"]
[SourceVersionDate "2016.10.25"]
[SourceQuality "1"]

1. c4 Nf6 2. Nc3 g6 3. g3 Bg7 4. Bg2 0-0 5. Nf3 d6 6. d4 Nc6 7. e4 Na5 8. Qd3 c5 9. 0-0 Rb8 10. h3 a6 11. Be3 Qc7 12. d5 b5 13. cxb5 axb5 14. Rfe1 c4 15. Qc2 b4 16. Ne2 Ba6 17. Nfd4 Rfc8 18. Rac1 Nd7 19. b3 c3 20. f4 Nc5 21. Red1 Ra8 22. Nc6 Bd3 23. Rxd3 Nxd3 24. Qxd3 Nxc6 25. dxc6 Rxa2 26. e5 d5 27. Nxc3 bxc3 28. Qxc3 e6 29. b4 Rb8 30. Qb3 Ra6 31. b5 Rxc6 32. Rxc6 Qxc6 33. bxc6 Rxb3 34. c7 Rc3 35. Bb6 Kf8 36. Bf1 Ke7 37. Bb5 f6 38. Ba5 Rc1+ 39. Kg2 fxe5 40. Bb4+ Kf7 41. Bd6 exf4 42. Bd7 fxg3 43. c8Q Rxc8 44. Bxc8 e5 45. Kxg3 h6 46. Kf3 Kf6 47. Ke3 h5 48. Bc7 Bh6+ 49. Kd3 Bf4 50. Bd8+ Kf7 51. Bd7 1/2-1/2